000 00567nam a2200193Ia 4500
005 20250512125212.0
008 240825s9999 xx 000 0 und d
020 _a9788131610008
_qhbk
041 _aeng
082 _a301.072
_bGID;1
100 _aGiddens, Anthony
245 0 _aNew Rules of Sociological Method
_c/ Anthony Giddens
250 _a2nd ed.
260 _bRawat Publication
_c2019
_aDelhi
300 _a186 p.
_c21 cm.
504 _aBib and Ref
650 _aSocial Sciences; Social theory; Sociological Method;Interpretative;
942 _cENGLISH
999 _c541040
_d541040